| 000 | 01210nam a2200277 i 4500 | ||
|---|---|---|---|
| 003 | EG-ScBUE | ||
| 005 | 20240716095758.0 | ||
| 008 | 100622s1961 xx f 000 0 ara d | ||
| 040 |
_aEG-ScBUE _bara _erda _cEG-ScBUE _dEG-ScBUE |
||
| 041 | 1 |
_aara _heng |
|
| 043 | _af-ae--- | ||
| 082 | 0 | 4 |
_222 _bغ ي ر _a965.02 |
| 100 | 1 |
_915074 _aغيرستر، جورج، _d1929- _eمؤلف. |
|
| 245 | 1 | 2 |
_aالصحراء الكبري : _bأرض الغد المشرق للجزائر العربية / _cجورج غيرستر ؛ تعريب خيري حماد. |
| 250 | _aالطبعة الأولى. | ||
| 264 | 1 |
_a[مكان النشر غير محدد] : _bالمكتب التجاري للطباعة والتوزيع والنشر، _c1961. |
|
| 300 |
_a358 صفحة ؛ _c24 سم |
||
| 336 |
_2rdacontent _aنص _btxt |
||
| 337 |
_aبدون وسيط _2rdamedia _bn |
||
| 338 |
_aمجلد _bnc _2rdacarrier |
||
| 546 | _aالنص باللغة العربية وتم ترجمته من اللغة الإنجليزية. | ||
| 651 | 7 |
_2BUEsh _aالجزائر _xتاريخ _yالعصر الحديث _yالاحتلال الفرنسي. |
|
| 655 | _vReading book | ||
| 700 | 1 |
_aحماد، خيري، _eمترجم. |
|
| 942 |
_2ddc _cBB |
||
| 999 |
_c14169 _d14169 |
||